| 000 | 01368nam0a2200385 4500 | ||
|---|---|---|---|
| 001 | RU\NLR\bibl\260638 | ||
| 005 | 20250620125915.0 | ||
| 010 |
_a5-7793-0380-0 _bВ пер. _93000 |
||
| 021 |
_aRU _b2001-59796 _92917 |
||
| 035 | _a(NLR Aleph) 000256304 | ||
| 090 |
_a1496414 _c1496414 |
||
| 100 | _a20020419d2001 |||y0rusy50 ca | ||
| 101 | 0 | _arus | |
| 102 | _aRU | ||
| 105 | _aa ||||||||| | ||
| 200 | 1 |
_aАркадий Рылов _f[Авт. текста Н. Мамонтова] |
|
| 210 |
_aМ. _cБелый город _d2001 |
||
| 215 |
_a47, [1] с. _cцв. ил. _d32 |
||
| 225 | 1 | _aМастера живописи | |
| 320 | _aУказ. произведений А. Рылова: с. 48 | ||
| 600 | 1 |
_aРылов _bА.А. _f1870 - 1939 _gАркадий Александрович _91066912 _3RU\NLR\auth\66414868 |
|
| 600 | 1 |
_aРылов _bА. А. _f1870-1939 _gАркадий Александрович _2psbo |
|
| 610 | 0 | _aРусская живопись, 19-20 вв. | |
| 675 |
_a75Рылов(084) _v3 _zrus |
||
| 686 |
_a18.31 _2rugasnti |
||
| 686 |
_a85.143(2)я6 _2rubbk |
||
| 686 | _aЩ143(2Р=Рус)7-8Рылов | ||
| 700 | 1 |
_aМамонтова _bН. _gНаталья _4070 |
|
| 801 | 0 |
_aRU _bRKP _c20020419 _gPSBO |
|
| 801 | 1 |
_aRU _bRKP _c20020419 |
|
| 801 | 2 |
_aRU _bNLR _c20020619 _grcr |
|
| 942 | _cBOOK | ||
| 980 | _aNB | ||